Slovník cudzích slov
Salvato in:
| Autore principale: | |
|---|---|
| Altri autori: | |
| Natura: | Libro |
| Lingua: | slovacco |
| Pubblicazione: |
Bratislava
Slovenské pedagogické nakladateľstvo
1983
|
| Edizione: | 2. rev. vyd. |
| Tags: |
Nessun Tag, puoi essere il primo ad aggiungerne!!
|
MARC
| LEADER | 00000nam a2200000 4500 | ||
|---|---|---|---|
| 001 | c111572 | ||
| 005 | 20150325111254.4 | ||
| 041 | 0 | |a slo | |
| 044 | |a SK | ||
| 245 | 1 | 0 | |a Slovník cudzích slov |c Mária Ivanová-Šalingová, Zuzana Maníková |
| 250 | |a 2. rev. vyd. | ||
| 264 | 1 | |a Bratislava |b Slovenské pedagogické nakladateľstvo |c 1983 | |
| 300 | |a 943 s. | ||
| 100 | 1 | |a Ivanová-Šalingová, Mária | |
| 700 | 1 | |a Maníková, Zuzana | |